000 00669nam a2200217 a 4500
008
020 _a0070964009 (hbk.)
049 _aMAIN
090 _aTA638.5
100 1 _aDayaratnnam, P.
245 1 0 _aStructural engineering :
_bthrough objective questions /
_cPasala Dayaratnam assisted by Pasala Vijayalakshmi.
260 _aNew Delhi :
_bMcGraw Hill,
_cc1981
300 _avii, 320 p. :
_bill. ;
_c24 cm.
650 1 _aStructural engineering
700 _aVijayalakshmi, Pasala
907 _a.b10173973
_b05-09-05
_c01-09-05
003
005 20230123134102.0
040 _cNUST
942 _cBOOKS
_kTA638.5
999 _c159779
_d159779